000 01752nam a2200433 c 4500
999 _c52392
_d52392
003 BLK
005 20241202165044.0
008 180408b bul|||||r ||||||| ||bul||
010 _aKNG00056316000
020 _a954-308-079-8
040 _aBLK
041 _aBUL
_cBUL
080 _aОписателна минералогия. Специално минералознание
_b549
_z549
080 _aПетрография. Петрология. Вж и 553
_b552
_z552
100 1 _aPellant, Chris
_eпърви автор
_920882
139 _aПелант, Крис
_bП 33
245 1 0 _aМинерали и скали
_c* Крис Пелант; Chris Pellant; прев. Доряна Стефанова Петрова.
257 _aGBR
260 _bПрес
_c2004
_fПловдив : Делта+
300 _a32 с.
_bс цв. ил.
_c28 см
380 _aDN
490 _aИскам всичко да знам
_v15
_9201509
500 _aОриг. загл. Fossils, Rocks and Mineral / Chris Pelant. - Авт. отбелязан на гърба на загл. с. - Офс. изд. - Съдържа и Тест. - Предм. показалец.
650 4 _aМинерали
_9162237
650 4 _aСкали
_9171016
653 _aминерали
653 _aскали
653 _aлитература за деца
653 _aдетска литература
700 1 _aПелант, Крис
_e*
_9107855
700 1 _aПетрова, Доряна Стефанова
_eпрев.
_9284199
852 _aЦб ІІ 13425
856 4 _qpdf
856 4 _qpdf
942 _cKNG
_n0
_09
_s1
944 _aCR
_c31.10.2005
_k30576
_lЦветомила Тодорова
944 _aED
_c28.07.2006
999 _d52392